| 000 | 01767cam a22003375a 4500 | ||
|---|---|---|---|
| 001 | 16953089 | ||
| 005 | 20151015125412.0 | ||
| 008 | 110906t2012 nyua frbd 001 0 eng d | ||
| 020 | _a9780071756389 (softcover : alk. paper) | ||
| 020 | _a0071756388 (softcover : alk. paper) | ||
| 040 |
_aDNLM/DLC _beng _cDLC _dDLC _dEG-ScBUE |
||
| 082 | 0 | 4 |
_a615.1068 _bCIP _222 |
| 100 | 1 |
_aCipolle, Robert J. _938493 |
|
| 245 | 1 | 0 |
_aPharmaceutical care practice : _bthe patient-centered approach to medication management services / _cRobert J. Cipolle, Linda M. Strand, Peter C. Morley. |
| 250 | _a3rd ed. | ||
| 260 |
_aNew York : _bMcGraw-Hill Medical, _cc.2012. |
||
| 300 |
_axxvii, 697 p. : _bill. ; _c25 cm. |
||
| 500 | _aRev. ed. of : Pharmaceutical care practice / Robert J. Cipolle, Linda M. Strand, Peter C. Morley. 2nd ed. c2004. | ||
| 500 | _aIndex : p. 683-697. | ||
| 500 | _aGlossary : p. 655-670. | ||
| 504 | _aIncludes bibliographical references. | ||
| 505 | 0 | _aMedication management services defined -- Pharamceutical care as the professional practie for patient centered medication management services -- Toward a philosophy of pharmaceutical care practice -- Patient centeredness in pharmacetuical care -- Drug therapy problems -- The assessment -- The care plan -- Follow-up evaluation -- Documentation in practice -- Acquiring and applying the knowledge and clinical skills required to manage drug therapy -- Managing medication management services -- The global perspective. | |
| 650 | 0 |
_aPharmaceutical services. _2BUEsh _932462 |
|
| 650 | 0 |
_aPharmacology. _2BUEsh |
|
| 651 | _2BUEsh | ||
| 653 |
_bPPhrm _cOctober2015 |
||
| 655 |
_vReading book _934232 |
||
| 700 | 1 | _aMorley, Peter C. | |
| 700 | 1 | _aStrand, Linda M. | |
| 942 |
_2ddc _k615.1068 CIP |
||
| 999 |
_c20916 _d20888 |
||